| 000 | 00719nam a2200217 a 4500 | ||
|---|---|---|---|
| 001 | 000009501 | ||
| 005 | 20240412074211.0 | ||
| 008 | 090930s1979 dr 000 p spa d | ||
| 040 |
_aDO-SdBNP _bspa _cBNPHU |
||
| 082 |
_aRD861.44 _bA989b |
||
| 100 | 1 |
_aAyuso, Juan José _d1940- _915819 |
|
| 245 | 1 | 0 |
_aBienaventurados los cimarrones : _b1968-1978 / _cJuan José Ayuso. |
| 260 |
_aSanto Domingo : _bTaller, _c1979. |
||
| 300 |
_a139 p. ; _c22 cm. |
||
| 500 | _aIncluye datos biográficos del autor | ||
| 590 | _aInventariado, 2018/LP | ||
| 650 | 0 |
_aPoesía dominicana _966 |
|
| 650 | 0 |
_aLiteratura dominicana. _967 |
|
| 740 | 0 | 2 | _aBienav enturados los cimarron es (1968-1978) |
| 910 | _aValidado. Control de calidad MFF | ||
| 999 |
_c9261 _d9261 |
||